Miejscowości powiatu żywieckiego - Statystyki

Ogólne statystyki
  • Ten quiz został rozwiązany 289 razy
  • Średni wynik to 42 z 66
Statystyki odpowiedzi
Gmina Miejscowość % Poprawnych
Milówka Milówka
96%
miasto Żywiec
96%
Jeleśnia Jeleśnia
95%
Rajcza Rajcza
95%
Czernichów Czernichów
94%
Lipowa Lipowa
94%
Węgierska Górka Węgierska Górka
94%
Gilowice Gilowice
93%
Radziechowy-Wieprz Radziechowy
93%
Łodygowice Łodygowice
92%
Łękawica Łękawica
91%
Ujsoły Ujsoły
91%
Koszarawa Koszarawa
90%
Świnna Świnna
90%
Radziechowy-Wieprz Wieprz
90%
Ślemień Ślemień
88%
Łodygowice Pietrzykowice
76%
Świnna Pewel Mała
75%
Jeleśnia Pewel Wielka
75%
Czernichów Międzybrodzie Żywieckie
72%
Rajcza Sól
70%
Węgierska Górka Żabnica
70%
Gilowice Rychwałd
68%
Węgierska Górka Cisiec
66%
Węgierska Górka Cięcina
64%
Jeleśnia Korbielów
64%
Czernichów Międzybrodzie Bialskie
64%
Świnna Pewel Ślemieńska
64%
Ślemień Las
63%
Rajcza Zwardoń
63%
Jeleśnia Sopotnia Wielka
62%
Jeleśnia Sopotnia Mała
61%
Czernichów Tresna
61%
Jeleśnia Krzyżowa
60%
Rajcza Rycerka Dolna
60%
Lipowa Leśna
59%
Rajcza Rycerka Górna
59%
Radziechowy-Wieprz Bystra
58%
Łodygowice Zarzecze
58%
Radziechowy-Wieprz Juszczyna
56%
Jeleśnia Przyborów
55%
Świnna Rychwałdek
55%
Milówka Kamesznica
54%
Jeleśnia Mutne
54%
Świnna Trzebinia
53%
Lipowa Ostre
51%
Radziechowy-Wieprz Przybędza
51%
Lipowa Twardorzeczka
51%
Radziechowy-Wieprz Brzuśnik
50%
Ujsoły Glinka
49%
Milówka Laliki
49%
Świnna Przyłęków
49%
Jeleśnia Krzyżówki
48%
Ślemień Kocoń
46%
Milówka Szare
44%
Łodygowice Bierna
43%
Ujsoły Soblówka
43%
Łękawica Kocierz Moszczanicki
42%
Łękawica Okrajnik
42%
Lipowa Sienna
42%
Milówka Nieledwia
39%
Łękawica Kocierz Rychwałdzki
38%
Ujsoły Złatna
38%
Lipowa Słotwina
36%
Łękawica Łysina
28%
Rajcza Kiczora
27%
Nie znaleziono quizów pasujących do podanych kryteriów
Rozkład punktacji
Procent ludzi z każdym wynikiem
Percentyl według liczby udzielonych odpowiedzi
Twoja historia wyników
Nie rozwiązałeś tego quizu